Регионална библиотека "Любен Каравелов" - Русе

Herbei, herbei, was loffel sei... (Запис номер 208558)

MARC детайли
000 -Лидер
Контролно поле с фиксирана дължина 01250nkm a2200385 a 4500
003 - Код на организацията, давaща контролен номер
Контролно поле BLK
005 - Дата и час на последна редакция
Контролно поле 20230719091801.0
008 - Елементи от данни с фиксирана дължина
fixed length control field 180412b bul rap|r|||| r0| ||bulo|
010 ## - Наследен системен номер
LC control number KNG00043660000
020 ## - Международен стандартен номер на книга ISBN
Международен стандартен номер на книга ISBN 3-87038-248-1
040 ## - Източник на каталожния запис
Идентификатор на билиотеката - собственик на записа BLK
041 ## - Код за език
Код за езика на текст/звукозапис или на отделно заглавие Немски
Код за езика КДБФ Немски
080 ## - УДК
Текстов определител УДК Хранене. Сервизи и прибори за хранене
УДК код - определител по УДК 642
УДК - код + определител 642
100 1# - Редна дума - Автор
Автор Junger, Hermann
Авторска отговорност първи автор
R(LIN) 351471
139 ## - Редно поле
Редна дума Junger, Hermann
Авторски знак Юнг - Ю 24
Filing suffix J 93 H h
Feature heading Ю 27 Х х
245 10 - Сведения за заглавието
Заглавие Herbei, herbei, was loffel sei...
Подзаглавни данни Ein poetisches Schau- und Lesebuch mit einem Beitrag von Peter Nickl und einem Leporello von Thomas Zacharias
Редно поле (дума) Hermann Junger.
250 ## - Област на изданието
Сведения за изданието 2. Aufl
257 ## - Страна на издаване
Страна на създаване/издаване Германия
260 ## - Област на издателските данни
Име на издателя, разпространителя и проч. Anabas
Година на издаване 1994
300 ## - Физическа характеристика
Страници 128 c
Илюстрации и др. с ил.
Размери/Мащаб 27 см
380 ## - Жанр
Жанр Техника
650 #4 - Допълнително описание по предмет – тема
Основно описание – тема или топоним Домакинство
9 (RLIN) 153651
653 ## - Ключова дума – ненормативна
Ключова дума лъжици
700 ## - Други автори (авторска отговорност)
Лично име Юнгер, Херман
Автороска отговорност (Описва отношението между автора и произведението) първи автор
9 (RLIN) 1299
852 ## - Местоположение
Систематично-азбучна сигнатура 6/Ю 27
856 4# - Електронен адрес и достъп
Електронен формат pdf - файл
Път до файла /url/
856 4# - Електронен адрес и достъп
Електронен формат pdf - файл
Път до файла /url/
942 ## - АРТИКУЛИ
Вид на библиотечния материал Графични издания
Скрит в OPAC Не
Периодичен библиозапис Да
944 ## - СЪЗДАВАНЕ И РЕДАКЦИЯ на ЗАПИСА
Създаване/Редакция Създаване
Дата на регистрацията/редакция 15.01.2003
Служител, извършил регистрацията/редакцията 30542
Статус, дата на статуса Русанова Ирена
944 ## - СЪЗДАВАНЕ И РЕДАКЦИЯ на ЗАПИСА
Създаване/Редакция Редакция
Дата на регистрацията/редакция 07.10.2015
Служител, извършил регистрацията/редакцията Ирена_Линкова
999 ## - СИСТЕМНИ КОНТРОЛНИ НОМЕРА
Koha biblionumber 208558
Koha biblioitemnumber 208558
999 ## - СИСТЕМНИ КОНТРОЛНИ НОМЕРА
Koha biblioitemnumber 208558
999 ## - СИСТЕМНИ КОНТРОЛНИ НОМЕРА
Koha biblioitemnumber 208558
999 ## - СИСТЕМНИ КОНТРОЛНИ НОМЕРА
Koha biblioitemnumber 208558
999 ## - СИСТЕМНИ КОНТРОЛНИ НОМЕРА
Koha biblioitemnumber 208558
Наличности
Код за отписване Код за изгубен артикул Източник на класификационната схема Код за повреда Коз за рестрикции Код за отдаване Артикулен № Име на библиотеката - собственик Име на библиотеката, в която се намира в момента Статус (Текущо местоположение) Дата на вписване в системата Местоположение - отдел Цена в лева Инвентарен номер Систематично азбучна сигнатура Баркод Номер на екземпляра Цена в евро Служебна бележка Служебен тип на артикула
  Не е изгубен Universal Decimal Classification Не е повреден без рестрикции заемане за дома 359654 Регионална библиотека "Любен Каравелов" Русе Регионална библиотека "Любен Каравелов" Русе Отдел Изкуство - подръчен фонд 2001-01-01 Отдел Изкуство - подръчен фонд 3.00 621982 6/Ю 27 Х х 120000621982 1 1.53 Дата инв: 03.06.2015 Бележки инв: ГрИ2015 Графични издания
Vip Innovations Ltd, Rousse, Bulgaria 2025